000 00749nam a2200253Ia 4500
003 OSt
005 20221005073052.0
006 a|||||r|||| 00| 0
007 ta
008 221004b |||||||| |||| 00| 0 urd d
020 _c200
024 _a7517
037 _b5724/11, 11/03/2010, Modern Publishing House
_cTextual
040 _aCRL
_cCRL
_burd
041 _2urd
_aurd
082 _aO168,4L97:g, P3
100 _aAhmad Nazeer Au.
245 0 _aGhalib ki maktoob nigari
260 _aNew Delhi
_bGhalib Institute India
_c2003
300 _a349p.
_ccm.
650 _aURDU LETTERS
942 _hO168,4L97:g, P3
_cTEXL
_2cc
999 _c980475
_d980475